LEADER 00912nam a2200205 i 4500 001 000000163333 003 CaOOAMICUS 005 20090217000000.0 008 090217s1575 it u000 u ita u 013 $a140697 040 $aSeMil$bita 245 10$aTrattato della Comunione. 260 $aVenezia :$bappresso Enea de Alaris,$c1575. 300 $a7,5 x 13,5 ;$ccc. 90 ;$crom. 500 $aDescrizione da : Incunaboli e Cinquecentine della Biblioteca del Seminario di Milano / catalogo a cura di Ubaldo Valentini, Milano 1981. - Numero di catalogo : 303. 700 1 $aCacciaguerra, Bonsignore <1495-1566>.$0(OLS)http://semarc/name/30445 850 $aSeMil 852 $aSeMil$W1$xVenegono$y1$mFV.B II 14/1$j114628$B114628$CSeMilBibl$Z2$F125425 $86 996 $6245$aTrattato della Comunione$9(OLS)http://semarc/title/233006 996 $6260$aVenezia :$bappresso Enea de Alaris$9(OLS)http://semarc/publisher/47273 LEADER 01384nam a2200265 i 4500 001 000000067233 003 CaOOAMICUS 005 20140227000000.0 008 140227s1973 it u000 u ita u 013 $a38405 040 $aSeMil$bita 100 1 $aBressan, Luigi <1940->.$0(OLS)http://semarc/name/16389 245 13$aIl canone tridentino sul divorzio per adulterio e l'interpretazione degli autori /$cLuigi Bressan. 260 $aRoma :$bUniversità Gregoriana,$ccopyr. 1973. 300 $aXXVII, 366 p. ;$c24 cm. 490 0 $aAnalecta Gregoriana ;$vVol.194. Series Facultatis Iuris Canonici. Sectio B, n.33 490 0 $aAnalecta Gregoriana. Series Facultatis Iuris Canonici. Sectio B ;$v33 500 $aContiene : Bibliografia. 650 4$aDivorzio - Dottrina conciliare.$0(OLS)http://semarc/subject/13155 830 0$aAnalecta Gregoriana ;$vVol.194. Series Facultatis Iuris Canonici. Sectio B, n.33.$0(OLS)http://semarc/title/9 830 0$aAnalecta Gregoriana. Series Facultatis Iuris Canonici. Sectio B ;$v33.$0(OLS)http://semarc/title/21674 850 $aSeMil 852 $aSeMil$W1$xVenegono$y1$m2N V 294$j33386$B33386$CSeMilBibl$Z2$F33389 $81 996 $6245$aIl canone tridentino sul divorzio per adulterio e l'interpretazione degli autori$9(OLS)http://semarc/title/107120 996 $6260$aRoma :$bUniversità Gregoriana$9(OLS)http://semarc/publisher/31479